N-acetylgalaktózamín - jeho príprava a využitie

Salvato in:
Dettagli Bibliografici
Autore principale: Kalivodová, Martina (Autore)
Altri autori: Hronská, Helena (Relatore della tesi)
Natura: Manoscritto Libro
Lingua:slovacco
Pubblicazione: 2015
Soggetti:
Accesso online:http://is.stuba.sk/zp/portal_zp.pl?podrobnosti=101380
Tags: Aggiungi Tag
Nessun Tag, puoi essere il primo ad aggiungerne!!

MARC

LEADER 00000ntm a22000003a 4500
001 stuzp53060
003 SK-STU
005 20160719154351.6
007 ta
008 150427s2015----xo-----f-mn---000-0-slo-d
040 |a STU  |b slo 
041 0 |a slo 
100 1 |a Kalivodová, Martina  |u 044310  |4 aut  |U FCHPT Ústav biotechnológie a potravinárstva  |T FCHPT Oddelenie biochemickej technológie  |X 60820  |U C4310  |Y 116  |7 60820 
242 0 1 |a N-Acetylgalactosamine – its Preparation and Applications  |y eng 
245 1 0 |a N-acetylgalaktózamín - jeho príprava a využitie 
260 |c 2015 
650 4 |a N-acetylgalaktózamín  |2 slo 
650 4 |a glykozaminoglykány  |2 slo 
650 4 |a kyslá hydrolýza  |2 slo 
650 4 |a glycosaminoglycans  |2 eng 
650 4 |a acidolysis  |2 eng 
650 4 |a N-acetylgalactosamine  |2 eng 
700 1 |a Hronská, Helena  |4 ths  |X 4690  |7 A000004690 
856 4 |u http://is.stuba.sk/zp/portal_zp.pl?podrobnosti=101380 
SQL |a stuzp53060  |b DBP  |c SLO  |d N-acetylgalaktózamín - jeho príprava a využitie  |e 60820  |f Kalivodová, Martina  |g 044310  |h 4690  |i Hronská, Helena  |j 20150714  |k 752  |l 04  |m http://is.stuba.sk/zp/portal_zp.pl?podrobnosti=101380  |n B-BIOPOT  |o 5.2.25. biotechnológie